Riconosci la Bandiera sbagliata - Africa - Quiz n°5 - Statistics

Statistiche generali
  • Questo quiz è stato fatto 4 volte
  • Il punteggio medio è 5 su 8
Statistiche sulle risposte
Domanda Risposta % Corretto
Qual è la bandiera sbagliata?
100%
Qual è la bandiera sbagliata?
75%
Qual è la bandiera sbagliata?
75%
Qual è la bandiera sbagliata?
50%
Qual è la bandiera sbagliata?
50%
Qual è la bandiera sbagliata?
50%
Qual è la bandiera sbagliata?
25%
Qual è la bandiera sbagliata?
25%
Nessun quiz corrispondente trovato
Distribuzione punteggi
Percentuale di utenti per punteggio
Percentile per numero di risposta
I tuoi punteggi nel tempo
Non hai fatto questo quiz